000 00388nam a2200133Ia 4500
005 20260328101442.0
008 260328s9999||||xx |||||||||||||| ||und||
100 _aPérez Arbeláez, Enrique
245 0 _aArborizaciones Urbanas :
_b Con especial atención a Bogotá /
_cEnrique Pérez Arbeláez
260 _bBanco de la República
300 _a56 p.
650 _aPAISAJISMO
942 _cBK
999 _c8331
_d8331